000 00334nam a2200133Ia 4500
005 20251222153542.0
008 251222s9999||||xx |||||||||||||| ||spa||
082 _a985/R24
100 _aRanch, Amparo
245 0 _aDemocracia, República, Restauración:
250 _a1ra.ed.
264 _bArtes Gráficas Soler, S.L.
942 _cLIB
999 _c30511
_d30511